000 01224cam a2200181 4500
001 ##L132021
008 051221n1998 000 0 eng u
035 _a(Sirsi) u132021
041 0 _aeng
100 1 _aLastrarria-Cornheil, Susana
100 1 _aRavenscroft, Neil
245 0 0 _aTenancy trends in Latin America and Africa: a literature review
260 _aLondon
_bRICS
_c1998
520 _aThis paper reports on a project undertaken for the United Nations Food and Agriculture Organisation, based on research into private sector agricultural tenancy arrangements in western Europe, the Americas and Australasia. The project examines the extent to which it is possible to delineate examples of good practice which, given legal, cultural and contextual differences, can be used as guidance in drawing up letting arrangements in emerging economies and markets. In reflecting the complexity of the subject, the paper draws on the experience of a range of systems to produce a 'critical path' analysis of good practice in different economic, political and social contexts.
520 _aThis item is no longer available.
690 _aPROPERTY-RURAL AND NATURAL ASSETS-RURAL AND NATURAL ASSET MANAGEMENT
942 _n0
999 _c104967
_d104967